Statistics for Make long words: Continents

Click here to take the quiz!

General Stats

  • This quiz has been taken 11 times
  • The average score is 2 of 7

Answer Stats

ContinentLongest word% Correct
AsiaAs
91%
OceaniaCanoe
64%
AfricaFacia
27%
EuropePuree
27%
AntarcticaCataract
18%
South AmericaAmateurish
9%
North AmericaHarmonica
9%

Score Distribution

Percentile by Number Answered

Percent of People with Each Score

Your Score History

You have not taken this quiz